Word Ladder - Statistics

General Stats
  • This quiz has been taken 10 times
    4 since last reset
  • The average score is 10 of 12
Answer Stats
Hint Answer % Correct
Capital of Nigeria Abuja
100%
One of the ABC islands Aruba
100%
Capital of Azerbaijan Baku
100%
Car manufacturer: Su____ baru
100%
Island of Indonesia Bali
75%
City in Italy Bari
75%
Only venomous lizard native to the United States (Ahhh a monster!) Gila
75%
Soccer division in Spain: La ____ Liga
75%
Rearrange the letters to form a capital in the americas Lima
75%
Country in Western Africa Mali
75%
The city where the inspiration of the format of similar quizzes like this one came from, but those quizzes gain or subtract letters to form a certain shape Giza
50%
Capital of South Sudan Juba
50%
No matching quizzes found
Score Distribution
Percent of People with Each Score
Percentile by Number Answered
Your Score History
You have not taken this quiz since the last reset